000 00379nam a2200157 i 4500
001 bg
100 1 _aBASSARD, R.
245 0 _aJadernyje dvigateli dlja samoletov i raket /
_cR. Bassard, R. Delauer.
260 _aMoskva,
_c1967.
700 1 _aDELAUER, R.
040 _cBPK
041 _apol
080 _a621.455
942 _cKS
008 s pl f |000 0 pol
999 _c12292
_d12292
856 _uhttp://koha.tu.koszalin.pl/cgi-bin/koha/opac-detail.pl?biblionumber=12292
_yKatalog online BPK